Biblioteca y Centro de Documentación

Estadística del suicidio en España (Registro nro. 13447)

Detalles MARC
000 -CABECERA
Longitud fija campo de control 01181nam a2200361 c 4500
001 - NÚMERO DE CONTROL
Número de control 13447
003 - IDENTIFICADOR DE NÚMERO DE CONTROL
Identificador del número de control ES-MaCES
005 - FECHA Y HORA DE LA ÚLTIMA TRANSACCIÓN
Fecha y hora de la última transacción 20141221122240.0
008 - CAMPO FIJO DE DESCRIPCIÓN FIJA--INFORMACIÓN GENERAL
Códigos de información de longitud fija   020325s2001 sp d s o000 | spa d
017 ## - NÚMERO DE REGISTRO DE DERECHOS DE AUTOR Y DEPÓSITO LEGAL
Número de copyright o de depósito legal M 5317-2002
Agencia que asigna el número DL
020 ## - ISBN (INTERNATIONAL STANDARD BOOK NUMBER)
Número Internacional Normalizado para Libros (ISBN) 8426035477
024 7# - OTROS IDENTIFICADORES
Número normalizado o código 377-01-024-7
Fuente del número o código nipo
035 ## - NÚMERO DE CONTROL DEL SISTEMA
Número de control del sistema CES20020004026m
040 ## - FUENTE DE CATALOGACIÓN
Centro catalogador de origen ES-MaCES
Lengua de catalogación spa
Centro transcriptor ES-MaCES
245 00 - MENCIÓN DE TÍTULO
Título Estadística del suicidio en España
Nombre de parte o sección de la obra Año 2000
Mención de responsabilidad, etc. Instituto Nacional de Estadística
260 ## - PUBLICACIÓN, DISTRIBUCIÓN, ETC (PIE DE IMPRENTA)
Lugar de publicación, distribución, etc. Madrid
Nombre del editor, distribuidor, etc. INE
Fecha de publicación, distribución, etc. 2001
300 ## - DESCRIPCIÓN FÍSICA
Extensión 55, [7] p.
Otras características físicas gráf.
Dimensiones 30 cm
500 ## - NOTA GENERAL
Nota general Año 2001 en soporte electrónico
541 ## - NOTA DE LA FUENTE INMEDIANTE DE ADQUISICIÓN
Forma de adquisición Gratuito
650 #4 - ASIENTO SECUNDARIO DE MATERIA--TÉRMINO DE MATERIA
Término de materia o nombre geográfico como elemento inicial suicidio
9 (RLIN) 30853
650 #4 - ASIENTO SECUNDARIO DE MATERIA--TÉRMINO DE MATERIA
Término de materia o nombre geográfico como elemento inicial España
9 (RLIN) 26964
650 #4 - ASIENTO SECUNDARIO DE MATERIA--TÉRMINO DE MATERIA
Término de materia o nombre geográfico como elemento inicial Comunidades Autónomas
9 (RLIN) 30768
650 #4 - ASIENTO SECUNDARIO DE MATERIA--TÉRMINO DE MATERIA
Término de materia o nombre geográfico como elemento inicial 2000
9 (RLIN) 30991
650 #4 - ASIENTO SECUNDARIO DE MATERIA--TÉRMINO DE MATERIA
Término de materia o nombre geográfico como elemento inicial datos estadísticos
9 (RLIN) 30765
650 #4 - ASIENTO SECUNDARIO DE MATERIA--TÉRMINO DE MATERIA
Término de materia o nombre geográfico como elemento inicial informe
9 (RLIN) 28986
653 10 - TÉRMINO DE INDEXACIÓN--NO CONTROLADO
Término no controlado Estadísticas económico-sociales
710 2# - ENCABEZAMIENTO SECUNDARIO--NOMBRE CORPORATIVO
Nombre de entidad o nombre de jurisdicción como elemento inicial Instituto Nacional de Estadística (España)
9 (RLIN) 4273
787 0# - ENTRADA DE OTRAS ESPECIFICACIONES
Título Estadística del suicidio en España 2001
Número de control del registro relacionado (ES-MaCES)14717
787 0# - ENTRADA DE OTRAS ESPECIFICACIONES
Título Estadística del suicidio en España
Número de control del registro relacionado (ES-MaCES)11815
902 ## - CES. TIPO DE DOCUMENTO
Tipodoc (006$c Sirtex) LIB Libro
942 ## - ELEMENTOS KOHA
Fuente de clasificaión o esquema Clasificación propia del CES
Koha [por defecto] tipo de item Monografías
Parte de clasificación 8.2.
Existencias
Número de registro Signatura completa Tipo de item de Koha
046613 DPT-4311 Monografías
© CES, Consejo Económico y Social de España 2021